Can Asians thinks?

Bibliographic Details
Main Author: Mahbubani, Kishore
Format: Book
Published: Singapore : Marshall Cavendish Editions , 2005
Edition:3rd ed.
Subjects:

MARC

LEADER 00000cam a2200000 7i4500
001 0000014006
005 20120608.0
008 080215
020 |a 9812327894 
090 0 0 |a 306.095   |b MAH 
100 1 |a Mahbubani, Kishore 
245 1 0 |a Can Asians thinks?   |c Kishore Mahbubani 
250 |a 3rd ed. 
260 |a Singapore :   |b Marshall Cavendish Editions ,   |c 2005 
650 0 |a Asia   |x Civilization   |x 20th century 
650 0 |a East and west 
650 0 |a Value   |x Asia 
999 |a 0001011956   |b Book   |c Adult Collection   |e Perbadanan Perpustakaan Awam Johor 
999 |a 0001028064   |b Book   |c Adult Collection   |e Cawangan Pontian 
999 |a 0001028065   |b Book   |c Adult Collection   |e Perbadanan Perpustakaan Awam Johor 
999 |a 0001028066   |b Book   |c Adult Collection   |e Cawangan Bukit Gambir 
999 |a 0001028067   |b Book   |c Adult Collection   |e Cawangan AEON Kulaijaya 
999 |a 0001028068   |b Book   |c Adult Collection   |e Cawangan Bukit Gambir